000 01972nas a2200277Ia 4500
001 R300-R7604
003 IT-CnALBA
008 170116c99999999xx |||||||||||| ||und||
040 _aIT-CnALBA
_cIT-CnALBA
041 _aITALIANO
100 _aDE ROSA GABRIELE
210 _aSOCIOLOGIA
222 _aSOCIOLOGIA
245 0 _aSOCIOLOGIA. MAGGIO-DICEMBRE 1979. RIVISTA DI SCIENZE SOCIALI.
250 _a1a ed.
260 _a ROMA
_bSTURZO L. STUDI, CENTRO INTERN.
_c1979 [1° Ed.:1979 - Ed.Ling.Originale: 1979]
300 _a268 p.
310 _aSEMESTRALE
362 _aFascicolo: 2-3 / Anno: 13 (1979)
500 _aDI LEO A. CESTARO A. M. ABBONDANZA. FIOCCA G. ROBERTAZZI E. VOLPE FR. D'ANDREA G. P. AVAGLIANO L. SALIMBENI F. DAL PARTITO POPOLARE ALLA DC. CONTRIBUTO DI LUIGI STURZO AI DIRITTI DELL'UOMO. APPROCCIO ANTROPOLOGICO DI STORIA LOCALE. PROSPETTIVA MITOLOGICA IN CLAUDE LEVI STRAUSS. BINOMIO MALINOS WSKI FIRTH. ORIGINI SOCIOLOGIA EMPIRICA IN FRANCIA. INFANZIA E TERRITORIO SOCIALE. MONDO CATTOLICO E IMPEGNO SOCIALE FINE SECONDA GUERRA MONDIALE. CONFRONTO TRA AGGREGAZIONE CULTURALE E POLI DI SVILUPPO NEL MESSINESE. CAPITALI. SMO MATURO. RELIGIONE E POLITICA IN A. GRAMSCI.
501 _aSocietà San Paolo EM - Piazza San Paolo, 14 - 12051 ALBA (CN) (non commercial uses only) ® Copyright 2017
520 _aDI LEO A. CESTARO A. M. ABBONDANZA. FIOCCA G. ROBERTAZZI E. VOLPE FR. D'ANDREA G. P. AVAGLIANO L. SALIMBENI F. DAL PARTITO POPOLARE ALLA DC. CONTRIBUTO DI LUIGI STURZO AI DIRITTI DELL'UOMO. APPROCCIO ANTROPOLOGICO DI STORIA LOCALE. PROSPETTIVA MITOLOGICA IN CLAUDE LEVI STRAUSS. BINOMIO MALINOS WSKI FIRTH. ORIGINI SOCIOLOGIA EMPIRICA IN FRANCIA. INFANZIA E TERRITORIO SOCIALE. MONDO CATTOLICO E IMPEGNO SOCIALE FINE SECONDA GUERRA MONDIALE. CONFRONTO TRA AGGREGAZIONE CULTURALE E POLI DI SVILUPPO NEL MESSINESE. CAPITALI. SMO MATURO. RELIGIONE E POLITICA IN A. GRAMSCI.
650 _aSOCIOLOGIA
942 _cCR
957 _71
999 _a59171
_bNO
_g1
_c326198
_d326198